000 00308nam a22001457a 4500
008 230529b ||||| |||| 00| 0 eng d
020 _a2246006805
041 _aFRA
080 _a82
082 _a82HOS
100 _a38
101 _aGJL
245 _aLA SENTINELLE AVEUGLE
_cHOSSEIN.R
942 _2udc
_cBK
999 _c59870
_d59870